| 000 | 00650nam a2200205Ia 4500 | ||
|---|---|---|---|
| 008 | 170504s9999 xx 000 0 und d | ||
| 050 | _aBF 698.4 | ||
| 050 | _b.As798 2016 | ||
| 100 | _aAsada, Hirono A. | ||
| 245 | _aPersonality type and levels of self-esteem of early birds and night owls in college faculty of southville international school and colleges/ | ||
| 245 | _cHirono A. Asada. | ||
| 260 | _aLas PiƱas, Philippines : | ||
| 260 | _bSISC, | ||
| 260 | _c2016. | ||
| 300 | _a84 pages : | ||
| 300 | _billustrations ; | ||
| 300 | _c28 cm. | ||
| 500 | _aIncludes bibliographical references and appendices. | ||
| 521 | _aPsychology | ||
| 999 |
_c329824 _d329824 |
||